Focus Buckinghamshire (Record no. 78175)

MARC details
000 -LEADER
fixed length control field 00863cab a2200217 4500
001 - CONTROL NUMBER
control field L136185
008 - FIXED-LENGTH DATA ELEMENTS--GENERAL INFORMATION
fixed length control field 070117n2007 000 0 eng u
035 ## - SYSTEM CONTROL NUMBER
System control number (Sirsi) u136185
041 0# - LANGUAGE CODE
Language code of text/sound track or separate title eng
100 1# - MAIN ENTRY--PERSONAL NAME
Personal name Cavanagh, Elaine
245 00 - TITLE STATEMENT
Title Focus Buckinghamshire
260 ## - PUBLICATION, DISTRIBUTION, ETC.
Date of publication, distribution, etc. 2007
490 #0 - SERIES STATEMENT
Series statement Estates Gazette
Volume/sequential designation (0702) 13 January 2007, 85-99(9)
520 ## - SUMMARY, ETC.
Summary, etc. Covers the development of High Wycombe's Eden centre and its quest to attract key retailers. Questions to what extent big international companies are returning to the area and what effect this will have on rents and asks whether an improving office market will put pressure on land supply and increase rents.
590 ## - LOCAL NOTE (RLIN)
Local note KA
651 #4 - SUBJECT ADDED ENTRY--GEOGRAPHIC NAME
Geographic name BUCKINGHAMSHIRE
690 ## - LOCAL SUBJECT ADDED ENTRY--TOPICAL TERM (OCLC, RLIN)
Topical term or geographic name as entry element PROPERTY-COMMERCIAL PROPERTY-COMMERCIAL PROPERTY MARKET
700 1# - ADDED ENTRY--PERSONAL NAME
Personal name Taylor, Andrew
700 1# - ADDED ENTRY--PERSONAL NAME
Personal name Jack, Simon
942 ## - ADDED ENTRY ELEMENTS (KOHA)
Suppress in OPAC 0
Holdings
Withdrawn status Lost status Source of classification or shelving scheme Damaged status Not for loan Home library Current library Shelving location Date acquired Total Checkouts Full call number Barcode Date last seen Copy number Price effective from Koha item type
    Dewey Decimal Classification     London London Journal article 17/01/2007   L136185 136185-1001 06/08/2019 1 06/08/2019 Journal article